| 000 | 00474nam a2200169Ia 4500 | ||
|---|---|---|---|
| 999 |
_c26309 _d26309 |
||
| 003 | OSt | ||
| 005 | 20211111102206.0 | ||
| 008 | 190216s9999||||xx |||||||||||||| ||und|| | ||
| 040 | _coclc | ||
| 082 |
_a920 _bMEN/S |
||
| 100 |
_aMenon, M S _96735 |
||
| 245 | 0 |
_aLokamanya Bala Gangadhar Tilak / _cM S Menon |
|
| 260 |
_bPhoenix House, _aThrissur: _c1987. |
||
| 300 | _a135p | ||
| 650 | _aJeeva Charithram | ||
| 942 |
_cBK _2ddc _h920 _iMEN/S _k920 _mMEN/S |
||